Acerca del desarrollo indusrial argentino.Un comentario crítico (Registro nro. 16233)

Detalles MARC
000 -LEADER
fixed length control field 00458 a2200145 4500
001 - CONTROL NUMBER
control field ART_3201
005 - DATE AND TIME OF LATEST TRANSACTION
control field 20260410161713.0
008 - FIXED-LENGTH DATA ELEMENTS--GENERAL INFORMATION
fixed length control field 260409a
100 1# - MAIN ENTRY--PERSONAL NAME
Personal name Azpiazu, Daniel
245 10 - TITLE STATEMENT
Title Acerca del desarrollo indusrial argentino.Un comentario crítico
700 1# - ADDED ENTRY--PERSONAL NAME
Personal name Bonvecchi, Carlos E.
700 1# - ADDED ENTRY--PERSONAL NAME
Personal name Khavisse, Miguel
700 1# - ADDED ENTRY--PERSONAL NAME
Personal name Turkieh, Mauricio
773 0# - HOST ITEM ENTRY
Title Desarrollo económico
Related parts - Vol. 15, Nº 60 (ene./mar. 1976)
Record control number REV1174

No hay ítems disponibles.